Paises sin acceso al mar - Estadísticas

Estadísticas generales
  • Esta prueba ha sido intentada 943 veces
  • La puntuación promedio es 33 de 45
Estadísticas de respuestas
País % Correcto
Bolivia
96%
Paraguay
95%
Andorra
88%
Suiza
87%
Austria
86%
Mongolia
85%
Luxemburgo
84%
Eslovaquia
83%
Hungria
82%
Nepal
81%
Chad
80%
Republica Checa
79%
Serbia
78%
Niger
77%
Lesoto
75%
Butan
74%
Mali
74%
San Marino
74%
Afganistan
73%
Kosovo
73%
Macedonia
73%
Uzbekistan
73%
Republica Centroafricana
72%
Sudan del Sur
71%
Armenia
70%
Moldavia
70%
Ruanda
70%
Bielorrusia
69%
Liechtenstein
69%
Turkmenistan
69%
Uganda
69%
Zambia
69%
Burkina Faso
68%
Zimbabue
68%
Burundi
67%
Laos
65%
Suazilandia
65%
Kazajistan
64%
Kirguistan
64%
Tayikistan
64%
Botsuana
61%
Etiopia
60%
Ciudad del Vaticano
58%
Malaui
52%
Azerbaiyan
48%
No se encontraron pruebas coincidentes
Distribución de puntuación
Porcentaje de gente con cada puntuación
Porcentaje por número respondido
Historial de tus puntuaciones
No has intentado esta prueba.